Aprender a enseñar la educación física
Sparad:
| Huvudupphovsman: | |
|---|---|
| Materialtyp: | Bok |
| Språk: | spanska |
| Publicerad: |
Barcelona
INDE Publicaciones
2008
|
| Upplaga: | 2a. ed |
| Serie: | Educación Física
|
| Ämnen: | |
| Taggar: |
Lägg till en tagg
Inga taggar, Lägg till första taggen!
|
MARC
| LEADER | 00000nam a2200000 a 4500 | ||
|---|---|---|---|
| 001 | UCI9429 | ||
| 003 | CL-VaPUC | ||
| 008 | 081120e20080000SP |||||||||||||||||spa|d | ||
| 020 | |a 9788487330803 | ||
| 082 | 0 | 4 | |a 371.12 |b SIE |2 21 |
| 100 | 0 | |a Siedentop, Daryl |e author |9 533182 | |
| 245 | 1 | 0 | |a Aprender a enseñar la educación física |
| 250 | |a 2a. ed | ||
| 300 | |a 404 p | ||
| 942 | |c BK | ||
| 945 | |d 20081120 00:00:00 |a rbrito | ||
| 260 | |a Barcelona |b INDE Publicaciones |c 2008 | ||
| 650 | 0 | |a Educación física |9 240893 | |
| 650 | 7 | |a ENSEÑANZA DE LA EDUCACION FISICA |2 CL-VaPUC |9 394746 | |
| 650 | 0 | |a Educación básica |9 224933 | |
| 650 | 0 | |a Formación profesional de profesores |9 307493 | |
| 650 | 0 | |a Rol del docente |9 329733 | |
| 583 | |a last modification |c 20081120 00:00:00 |k Rodrigo Vera | ||
| 490 | 0 | |a Educación Física | |
| 999 | |c 331966 |d 331964 | ||
| 952 | |0 0 |1 0 |4 0 |6 371_120000000000000_SIE_2008 |7 0 |8 A |9 419215 |a BIBEDU |b BIBEDU |d 2019-11-22 |i 449735K |o 371.12 SIE 2008 |p 449735K |r 2019-11-22 |w 2019-11-22 |y BK |k EFI | ||